Literatura popular en Espana en los siglos XVIII y XIX : (una aproximacion a los pliegos de cordel) /

Bibliographic Details
Main Author: Marco, Joaquín, 1935-
Format: Book
Language:Spanish
Published: Madrid : Taurus, [1977]
Series:Persiles ; 102
Subjects:

MARC

Tag First Indicator Second Indicator Subfields
LEADER 00000cam a2200000 i 4500
001 in00000215321
005 20151009064054.0
008 780814s1977 sp b 00010 spa
010 |a  78356260  
015 |a Sp*** 
020 |a 8430621024 
035 |a (OCoLC)04116409 
035 |9 AAY1428AM 
040 |a DLC  |c DLC  |d TXA  |d UtOrBLW 
043 |a e-sp--- 
049 |a TXAM  |v 1 [1651238]  |v 2 [1651237] 
050 0 0 |a PQ6157  |b .M37 
100 1 |a Marco, Joaquín,  |d 1935- 
245 1 0 |a Literatura popular en Espana en los siglos XVIII y XIX :  |b (una aproximacion a los pliegos de cordel) /  |c Joaquin Marco. 
264 1 |a Madrid :  |b Taurus,  |c [1977] 
264 4 |c ©1977 
300 |a 2 volumes (702 pages) ;  |c 21 cm. 
336 |a text  |b txt  |2 rdacontent 
337 |a unmediated  |b n  |2 rdamedia 
338 |a volume  |b nc  |2 rdacarrier 
490 0 |a Persiles ; 102 
504 |a Includes bibliographical references. 
650 0 |a Chapbooks, Spanish  |x History and criticism. 
650 0 |a Spanish literature  |y 18th century  |x History and criticism. 
650 0 |a Spanish literature  |y 19th century  |x History and criticism. 
999 |a MARS 
999 f f |s d49ce2bd-1f29-37e4-ba84-8452831c7b7d  |i aa3a0363-3a00-314b-8a14-6cf4edb2895e  |t 0 
952 f f |p ric  |a Texas A&M University  |b Rellis Campus  |c Joint Library Facility  |d Remote Storage  |t 0  |e PQ6157 .M37  |h Library of Congress classification  |i unmediated -- volume  |k v.1  |m A14803801224 
952 f f |p ric  |a Texas A&M University  |b Rellis Campus  |c Joint Library Facility  |d Remote Storage  |t 0  |e PQ6157 .M37  |h Library of Congress classification  |i unmediated -- volume  |k v.2  |m A14803801232 
998 f f |a PQ6157 .M37  |s v.1-v.2  |t 0  |l Remote Storage